Score 0/18 Timer 04:00
9 Plays Today
Hint Answer % Correct
World LeaderAbraham Lincoln
99%
World LeaderJoseph Stalin
88.3%
World LeaderFidel Castro
87.8%
ArtistSalvador Dalí
83.5%
AuthorMark Twain
82.1%
MysticGrigori Rasputin
72.5%
ScientistCharles Darwin
71.1%
PhilosopherKarl Marx
69.6%
Artist/ScientistLeonardo da Vinci
65%
Hint Answer % Correct
AuthorErnest Hemingway
61.9%
AbolitionistFrederick Douglass
52.5%
ScientistGalileo Galilei
46.6%
PoetWalt Whitman
39.7%
Folk Hero'Wild Bill' Hickok
33.5%
World LeaderKing George V
32.8%
PhilosopherFriedrich Nietzsche
25.6%
World LeaderChester A. Arthur
24.8%
ArtistClaude Monet
23.9%

You're not logged in!

Compare scores with friends on all Sporcle quizzes.
OR
Log In

Sporcle TV

Today on Sporcle TV


Watch our educational content, quiz creation guides, and fun videos on Sporcle TV.

Show Comments

Extras

Top Quizzes Today


Score Distribution

Paid Content

Your Account Isn't Verified!

In order to create a playlist on Sporcle, you need to verify the email address you used during registration. Go to your Sporcle Settings to finish the process.

Report this User

Report this user for behavior that violates our Community Guidelines.

Details: